Developments in the rorschach technique
Đã lưu trong:
| Formáid: | Leabhar |
|---|---|
| Teanga: | Undetermined |
| Foilsithe: |
New York
Harcourt, Brace & World, Inc
1954
|
| Ábhair: | |
| Clibeanna: |
Cuir Clib Leis
Gan Chlibeanna, Bí ar an gcéad duine leis an taifead seo a chlibeáil!
|
| Thư viện lưu trữ: | Trung tâm Học liệu Trường Đại học Cần Thơ |
|---|
| LEADER | 00473nam a2200169Ia 4500 | ||
|---|---|---|---|
| 001 | CTU_69091 | ||
| 008 | 210402s9999 xx 000 0 und d | ||
| 082 | |a 155.2842 | ||
| 082 | |b D489 | ||
| 245 | 0 | |a Developments in the rorschach technique | |
| 245 | 0 | |c Bruno Klopfer ... [et al.] | |
| 260 | |a New York | ||
| 260 | |b Harcourt, Brace & World, Inc | ||
| 260 | |c 1954 | ||
| 650 | |a Rorschach test | ||
| 904 | |i TUYEN | ||
| 980 | |a Trung tâm Học liệu Trường Đại học Cần Thơ | ||